Diseño, maquetación y composición: comprensión y aplicación
Guardat en:
| Autor principal: | |
|---|---|
| Format: | Llibre |
| Idioma: | espanyol |
| Publicat: |
Barcelona
Blume
2005
|
| Edició: | 1a. ed |
| Matèries: | |
| Etiquetes: |
Afegir etiqueta
Sense etiquetes, Sigues el primer a etiquetar aquest registre!
|
MARC
| LEADER | 00000nam a2200000 a 4500 | ||
|---|---|---|---|
| 001 | UCI2742 | ||
| 003 | CL-VaPUC | ||
| 008 | 070907e20050000SP |||||||||||||||||spa|d | ||
| 020 | |a 8480765763 | ||
| 082 | 0 | 4 | |a 741.6 |b DAB |2 21 |
| 100 | 0 | |a Dabner, David |e author |9 523917 | |
| 245 | 1 | 0 | |a Diseño, maquetación y composición: comprensión y aplicación |
| 250 | |a 1a. ed | ||
| 300 | |a 128 p | ||
| 942 | |c BK | ||
| 945 | |d 20070907 00:00:00 |a jtorresc | ||
| 260 | |a Barcelona |b Blume |c 2005 | ||
| 650 | 0 | |a Arquitectura |9 804558 | |
| 650 | 7 | |a MAQUETAS |2 CL-VaPUC |9 372598 | |
| 650 | 0 | |a Diseño |9 260483 | |
| 583 | |a last modification |c 20070907 00:00:00 |k Rodrigo Vera | ||
| 999 | |c 327208 |d 327206 | ||
| 952 | |0 0 |1 0 |4 0 |6 741_600000000000000_DAB_2005 |7 0 |8 A |9 409750 |a BIBARQ |b BIBARQ |d 2019-11-22 |i 436936K |l 6 |m 1 |o 741.6 DAB 2005 |p 436936K |r 2025-01-20 |s 2024-09-05 |w 2019-11-22 |y BK |k ARQ | ||
| 952 | |0 0 |1 0 |4 0 |6 741_600000000000000_DAB_2005 |7 0 |8 A |9 409751 |a BIBARQ |b BIBARQ |d 2019-11-22 |i 4369351 |l 2 |o 741.6 DAB 2005 |p 4369351 |r 2025-01-20 |s 2024-09-05 |w 2019-11-22 |y BK |k ARQ | ||